Comuni della Provincia di Frosinone (con mappa) - Statistics

Statistiche generali
  • Questo quiz è stato fatto 33 volte
  • Il punteggio medio è 48 su 91
Risposte nella Mappa
Le risposte nella mappa del quiz sottostante sono codificate secondo una scala di colori dal rosso al verde in base alla % di persone che hanno risposto correttamente.
 
Statistiche sulle risposte
Risposta % Corretto
Alatri
88%
Anagni
88%
Cassino
88%
Frosinone
88%
Isola del Liri
88%
Sora
83%
Fiuggi
79%
Ceccano
75%
Ferentino
75%
Ceprano
71%
Pontecorvo
67%
Arce
63%
Atina
63%
Castelliri
63%
Collepardo
63%
Amaseno
58%
Aquino
58%
Broccostella
58%
Castro dei Volsci
58%
Esperia
58%
Fontana Liri
58%
Fumone
58%
Rocca d'Arce
58%
Roccasecca
58%
Veroli
58%
Alvito
54%
Ausonia
54%
Belmonte Castello
54%
Morolo
54%
Pico
54%
Piedimonte San Germano
54%
Pofi
54%
San Giorgio a Liri
54%
Sant'Elia Fiumerapido
54%
Supino
54%
Acquafondata
50%
Acuto
50%
Arpino
50%
Boville Ernica
50%
Castrocielo
50%
Cervaro
50%
Filettino
50%
Gallinaro
50%
Monte San Giovanni Campano
50%
Pescosolido
50%
Piglio
50%
Sant'Andrea del Garigliano
50%
Sant'Apollinare
50%
San Vittore del Lazio
50%
Sgurgola
50%
Torrice
50%
Vallecorsa
50%
Vallerotonda
50%
Villa Santa Lucia
50%
Viticuso
50%
Arnara
46%
Colfelice
46%
Guarcino
46%
Paliano
46%
Patrica
46%
Posta Fibreno
46%
Ripi
46%
San Biagio Saracinisco
46%
Terelle
46%
Torre Cajetani
46%
Trevi nel Lazio
46%
Vallemaio
46%
Vico nel Lazio
46%
Campoli Appennino
42%
Casalattico
42%
Casalvieri
42%
Coreno Ausonio
42%
Fontechiari
42%
Giuliano di Roma
42%
Pastena
42%
Picinisco
42%
Pignataro Interamna
42%
San Donato Val di Comino
42%
San Giovanni Incarico
42%
Sant'Ambrogio sul Garigliano
42%
Santopadre
42%
Serrone
42%
Settefrati
42%
Strangolagalli
42%
Vicalvi
42%
Villa Latina
42%
Villa Santo Stefano
42%
Colle San Magno
38%
Falvaterra
38%
Trivigliano
38%
Castelnuovo Parano
29%
Nessun quiz corrispondente trovato
Distribuzione punteggi
Percentuale di utenti per punteggio
Percentile per numero di risposta
I tuoi punteggi nel tempo
Non hai fatto questo quiz